Teoría y práctica de la purificación del agua

Guardat en:
Dades bibliogràfiques
Autor principal: Arboleda Valencia, Jorge (Autor)
Format: Llibre
Idioma:espanyol
Publicat: Bogotá McGraw-Hill Interamericana 2000
Matèries:
Etiquetes: Afegir etiqueta
Sense etiquetes, Sigues el primer a etiquetar aquest registre!

MARC

LEADER 00000nam a2200000 a 4500
001 UCL2498
003 CL-VaPUC
008 031024e20000000CK |||||||||||||||||spa|d
020 |a 9584100122 
020 |a 9584100130v.1 
020 |a 9584100149v.2 
082 0 4 |a 628.1  |b ARB  |2 21 
100 0 |a Arboleda Valencia, Jorge  |e author  |9 479606 
245 1 0 |a Teoría y práctica de la purificación del agua 
300 |a 2 v 
942 |c BK 
945 |d 20031024 00:00:00  |a cmena 
260 |a Bogotá  |b McGraw-Hill Interamericana  |c 2000 
650 0 |a Agua potable   |9 260375 
650 0 |a Química del agua   |9 261152 
650 0 |a Tratamiento del agua   |9 262889 
650 0 |a Tecnología sanitaria  |9 262722 
583 |a last modification  |c 20031024 00:00:00  |k Rodrigo Vera 
999 |c 305802  |d 305800 
952 |0 0  |1 0  |4 0  |6 628_100000000000000_ARB_2000  |7 0  |8 A  |9 370235  |a BIBING  |b BIBING  |d 2019-11-21  |h v.1  |i 3956539  |o 628.1 ARB 2000  |p 3956539  |r 2023-03-02  |w 2019-11-21  |y BK  |k CCL 
952 |0 0  |1 0  |4 0  |6 628_100000000000000_ARB_2000  |7 0  |8 A  |9 370236  |a BIBING  |b BIBING  |d 2019-11-21  |h v.2  |i 3956547  |o 628.1 ARB 2000  |p 3956547  |r 2025-01-20  |w 2019-11-21  |y BK  |k CCL